Novelas y cuentos / Estudios preliminares por Ignacio Millán y José E. Iturriaga

Gorde:
Xehetasun bibliografikoak
Egile nagusia: Dostoiewsky; Tolstoy
Formatua: Liburua
Hizkuntza:Undetermined
Argitaratua: Estados Unidos Editorial Cumbre 1979
Edizioa:14
Gaiak:
Etiketak: Etiketa erantsi
Etiketarik gabe, Izan zaitez lehena erregistro honi etiketa jartzen!

MARC

LEADER 00000nam a2200000Ia 4500
008 170316s9999 xx 000 0 und d
040 |a cru BVZT 
090 |a E-808 D-2n 
100 |a Dostoiewsky; Tolstoy 
245 |a Novelas y cuentos / Estudios preliminares por Ignacio Millán y José E. Iturriaga 
250 |a 14 
260 |a Estados Unidos 
260 |b Editorial Cumbre 
260 |c 1979 
300 |a 374 páginas 
650 |a LITERATURA CLÁSICA - COLECCIÓN ESPECIAL 
650 |a NOVELAS Y CUENTOS 
650 |a DOSTOIEWSKY : EL ETERNO MARIDO ; LA MANSA 
650 |a TOLSTOY : LA SONATA A KREUTZER ; LA MUERTE DE IVAN ILICH ; NO PUEDO CALLARME 
999 |c 13255  |d 13255 
942 |c 15 D  |h E-808 D-2n  |2 z